00400nam a2200157Ia 4500008004100000020001500041082001800056100001700074245004200091250000900133260002500142300001300167500002400180650001600204700002200220230524s9999 xx 000 0 und d a0074519654 a621.3912bBHA aN.N.Bhargava 0aBasic Electronics and Linear Circuits a38TH aNEW DELHIbTMHc2004 aXIII;430 aQuantity Number: 5 aElectronics a D.C.Kulshreshtha